| 000 | 01554 am a2200457 a 4500 | ||
|---|---|---|---|
| 005 | 20240618111951.0 | ||
| 008 | 100804s2005||||sp d f |||| 001 0 spa d | ||
| 020 | _a8479039841 | ||
| 041 | _aspa | ||
| 092 |
_c616.025218 _l53 _sMOY |
||
| 100 | 1 |
_aMoya Mir, Manuel S. _9929 |
|
| 245 |
_aNormas de actuación en urgencias / _cManuel S. Moya Mir. |
||
| 250 | _a3a ed. | ||
| 260 |
_aBuenos Aires ; Madrid: _bEditorial Médica Panamericana; _c2005. |
||
| 300 |
_a739 p. _bil. _c19 cm. |
||
| 500 | _aMoya Mir, M. S. (2005). Normas de actuación en urgencias. (3a ed.). Buenos Aires ; Madrid : Editorial Médica Panamericana. | ||
| 653 | _aConcepto de urgencia médica | ||
| 653 | _aRecomendaciones para la organización de un servicio de urgencias hospitalario | ||
| 653 | _aSíndromes y procesos patológicos frecuentes en urgencias | ||
| 653 | _aInfecciosos | ||
| 653 | _aCardiovasculares | ||
| 653 | _aRespiratorios | ||
| 653 | _aNefrourológicos | ||
| 653 | _aDigestivos | ||
| 653 | _aHematológicos | ||
| 653 | _aEndocrinológicos | ||
| 653 | _aNeurológicos | ||
| 653 | _aPsiquiátricos | ||
| 653 | _aReumatológicos | ||
| 653 | _aOtorrinolaringológicos | ||
| 653 | _aUrgencias oncológicas | ||
| 653 | _aReacción alérgica | ||
| 653 | _aUrgencias oftalmológicas | ||
| 653 | _aUrgencias ginecológicas | ||
| 653 | _aAgentes físicos, irritantes y animales | ||
| 653 | _aTraumatismos | ||
| 653 | _aTécnicas y nociones generales útiles en úrgencias | ||
| 930 | _a1173 | ||
| 930 | _a1174 | ||
| 942 |
_2ddc _cBK |
||
| 999 |
_c539 _d539 |
||